100 Smallest Countries In The World - Statistics

General Stats
  • This quiz has been taken 137 times
  • The average score is 83 of 100
Answer Stats
No Total (km2) Country Name % Correct
1 0.49 Vatican City
100%
6 160 Liechtenstein
94%
28 2,586 Luxembourg
94%
2 2.0 Monaco
94%
5 61 San Marino
94%
17 468 Andorra
93%
60 30,355 Lesotho
93%
18 616 Saint Lucia
93%
58 28,896 Solomon Islands
92%
34 9,251 Cyprus
90%
7 181 Marshall Islands
90%
32 5,765 Brunei
89%
22 750 Dominica
89%
70 48,670 Dominican Republic
89%
44 17,363 Eswatini
89%
46 18,272 Fiji
89%
54 27,750 Haiti
89%
76 64,594 Latvia
89%
3 21 Nauru
89%
16 459 Palau
89%
39 11,586 Qatar
89%
8 261 Saint Kitts and Nevis
89%
15 457 Seychelles
89%
50 22,965 Belize
88%
30 4,033 Cape Verde
88%
94 109,884 Cuba
88%
48 21,041 El Salvador
88%
69 45,339 Estonia
88%
10 315 Malta
88%
47 20,273 Slovenia
88%
61 30,528 Belgium
86%
65 38,394 Bhutan
86%
49 21,937 Israel
86%
37 10,991 Jamaica
86%
36 10,887 Kosovo
86%
35 10,452 Lebanon
86%
77 65,286 Lithuania
86%
9 300 Maldives
86%
67 41,865 Netherlands
86%
12 389 Saint Vincent and the Grenadines
86%
25 964 São Tomé and Príncipe
86%
75 56,785 Togo
86%
31 5,127 Trinidad and Tobago
86%
4 26 Tuvalu
86%
13 431 Barbados
85%
51 23,200 Djibouti
85%
43 14,874 East Timor
85%
19 702 Federated States of Micronesia
85%
38 11,295 Gambia
85%
11 345 Grenada
85%
27 2,040 Mauritius
85%
82 75,320 Panama
85%
20 736 Singapore
85%
42 13,880 Bahamas
83%
23 778 Bahrain
83%
24 811 Kiribati
83%
45 17,818 Kuwait
83%
53 26,338 Rwanda
83%
71 49,035 Slovakia
83%
63 35,980 Taiwan
83%
85 83,878 Austria
82%
98 114,763 Benin
82%
26 1,861 Comoros
82%
74 56,594 Croatia
82%
41 13,812 Montenegro
82%
52 25,713 North Macedonia
82%
66 41,291 Switzerland
82%
21 747 Tonga
82%
84 83,600 United Arab Emirates
82%
40 12,189 Vanuatu
82%
57 28,748 Albania
81%
14 442 Antigua and Barbuda
81%
72 51,100 Costa Rica
81%
56 28,051 Equatorial Guinea
81%
97 112,492 Honduras
81%
80 70,273 Ireland
81%
29 2,842 Samoa
81%
55 27,834 Burundi
78%
83 78,871 Czech Republic
78%
68 42,947 Denmark
78%
99 117,600 Eritrea
78%
93 108,889 Guatemala
78%
64 36,125 Guinea-Bissau
78%
90 93,025 Hungary
78%
87 88,499 Serbia
78%
59 29,743 Armenia
76%
73 51,209 Bosnia and Herzegovina
76%
92 103,000 Iceland
76%
78 65,610 Sri Lanka
76%
79 69,700 Georgia
75%
62 33,847 Moldova
75%
89 92,225 Portugal
75%
86 86,600 Azerbaijan
74%
91 100,432 South Korea
74%
95 110,879 Bulgaria
72%
81 72,300 Sierra Leone
72%
88 89,318 Jordan
69%
96 111,369 Liberia
67%
100 118,484 Malawi
65%
33 6,020 Palestine
46%
No matching quizzes found
Score Distribution
Percent of People with Each Score
Percentile by Number Answered
Your Score History
You have not taken this quiz